| 000 | 00583nam a2200169 a 4500 | ||
|---|---|---|---|
| 001 | 5067 | ||
| 003 | CDMR | ||
| 005 | 20131015173952.0 | ||
| 008 | 130130s1987||||||||||||||||||||||||||||d | ||
| 040 |
_aCDMR _bcat _cCDMR |
||
| 245 | 3 |
_aLa prensa española durante el siglo XIX _b: I Jornadas de especialistas en prensa regional y local _c[coordina: José Simón Díaz] |
|
| 260 |
_aAlmeria _c1987 _bInstituto de Estudios Almerienses |
||
| 490 | 0 |
_aTemas Monográficos _v2 |
|
| 650 | 0 | 4 |
_91693 _aPremsa comarcal _zEspanya _vCongressos |
| 700 | 1 |
_9646 _aSimón Diaz, José _ecoor. |
|
| 942 |
_cMON _2udc |
||
| 999 |
_c5067 _d5067 |
||